<?xml version="1.0" encoding="UTF-8"?><?xml-stylesheet type="text/xsl" href="static/style.xsl"?><OAI-PMH xmlns="http://www.openarchives.org/OAI/2.0/" xmlns:xsi="http://www.w3.org/2001/XMLSchema-instance" xsi:schemaLocation="http://www.openarchives.org/OAI/2.0/ http://www.openarchives.org/OAI/2.0/OAI-PMH.xsd"><responseDate>2026-04-17T15:05:43Z</responseDate><request verb="GetRecord" identifier="oai:www.recercat.cat:2445/21892" metadataPrefix="marc">https://recercat.cat/oai/request</request><GetRecord><record><header><identifier>oai:recercat.cat:2445/21892</identifier><datestamp>2025-12-05T10:00:26Z</datestamp><setSpec>com_2072_1057</setSpec><setSpec>col_2072_478819</setSpec><setSpec>col_2072_478917</setSpec></header><metadata><record xmlns="http://www.loc.gov/MARC21/slim" xmlns:dcterms="http://purl.org/dc/terms/" xmlns:xsi="http://www.w3.org/2001/XMLSchema-instance" xmlns:doc="http://www.lyncode.com/xoai" xsi:schemaLocation="http://www.loc.gov/MARC21/slim http://www.loc.gov/standards/marcxml/schema/MARC21slim.xsd">
   <leader>00925njm 22002777a 4500</leader>
   <datafield ind2=" " ind1=" " tag="042">
      <subfield code="a">dc</subfield>
   </datafield>
   <datafield ind2=" " ind1=" " tag="720">
      <subfield code="a">Mollfulleda, Santiago</subfield>
      <subfield code="e">author</subfield>
   </datafield>
   <datafield ind2=" " ind1=" " tag="260">
      <subfield code="c">2012-02-10T08:43:28Z</subfield>
   </datafield>
   <datafield ind2=" " ind1=" " tag="260">
      <subfield code="c">2012-02-10T08:43:28Z</subfield>
   </datafield>
   <datafield ind2=" " ind1=" " tag="260">
      <subfield code="c">1987</subfield>
   </datafield>
   <datafield ind2=" " ind1=" " tag="520">
      <subfield code="a">Cicerón se refugió, como es sabido, en las especulaciones filosóficas&#xd;
para olvidar sus desilusiones politicas y, sobre todo, para mitigar el&#xd;
hondo dolor que le produjo la muerte de su hija Tulia. Fruto de esta&#xd;
dedicación a la filosofia fue la redacción, el año 45, entre otras obras,&#xd;
de sus Tusculanae disputationes, consideradas por algunos criticos&#xd;
como la &lt;&lt;sinfonia Heroica>> de su producción filosófica. Como dice E. Valentí, en las Tusculanas Cicerón &lt;&lt;es proposa de convèncer els seus oidors de l'existència d'un món espiritual sotmès a les lleis etiques, sota l'hegemonia de la virtut; doncs bé, en el primer llibre desenvolupa amb tot l'esclat el tema de la natura divina de l'inima i exposa les raons que justifiquen l'esperança més alta que puguin concebre els homes: l'esperança en la immortalitat>>. Ahora bien, para Cicerón la inmortalidad del alma esta intimamente vinculada a su misma esencia divina, y es esta segunda cuestión la que centra sus especulaciones. Para él, la prueba de la divinidad del alma esta en las facultades del espíritu humano, en cuanto éstas -memoria, meditación e invención- son, precisamente, poderes caracteristicos de los dioses; de ahi que, si el alma posee también tales poderes, podrá afirmarse consecuentemente su caracter divino. Entre los diversos argumentos aducidos por Cicerón -y de los que nos ocuparemos luego- nos soprende, por su especial interés lingüístico, el siguiente: ¿podria ser mortal el alma de quien "sonos uocis, qui infiniti uidebantur, paucis litterarum notis terminauit"? (I, XXV, 62).&#xd;
Es decir, ¿podia poseer un alma simplemente mortal quien fue capaz de reducir todas las articulaciones sonoras de la voz humana a unos pocos signos? En estas breves palabras de Cicerón estan implicitas dos cuestiones lingüisticas fundamentales: el carácter fonológico del alfabeto latino y, como corolario lógico, una concepción muy precisa de las unidades&#xd;
lingüisticas que hoy hemos bautizado con el nombre de fonemas. Analizaremos estos dos puntos separadamente.</subfield>
   </datafield>
   <datafield tag="653" ind2=" " ind1=" ">
      <subfield code="a">Fonologia</subfield>
   </datafield>
   <datafield tag="653" ind2=" " ind1=" ">
      <subfield code="a">Llatí</subfield>
   </datafield>
   <datafield tag="653" ind2=" " ind1=" ">
      <subfield code="a">Alfabet llatí</subfield>
   </datafield>
   <datafield tag="653" ind2=" " ind1=" ">
      <subfield code="a">Ciceró, Marc Tul·li, 106-43 aC</subfield>
   </datafield>
   <datafield tag="653" ind2=" " ind1=" ">
      <subfield code="a">Ciceró, Marc Tul·li, 106-43 aC</subfield>
   </datafield>
   <datafield tag="653" ind2=" " ind1=" ">
      <subfield code="a">Phonology</subfield>
   </datafield>
   <datafield tag="653" ind2=" " ind1=" ">
      <subfield code="a">Latin language</subfield>
   </datafield>
   <datafield tag="653" ind2=" " ind1=" ">
      <subfield code="a">Latin alphabet</subfield>
   </datafield>
   <datafield ind2="0" ind1="0" tag="245">
      <subfield code="a">Un aspecto poco estudiado de las ideas gramaticales de Cicerón: la fonología</subfield>
   </datafield>
</record></metadata></record></GetRecord></OAI-PMH>